000 00554nam a22001697a 4500
082 _a004
100 _aKhattak, Asad Masood.
245 _aTemporal Trace ability in Ontology Evolution Management /
_cAsad Masood Khattak.
260 _aIslamabad:
_bSEECS - NUST,
_c2008.
300 _axi, 83 p.: ill.;
_c30cm.
650 _aMs Thesis.
_918721
700 _aDr. Khalid Latif
_919776
856 _uhttp://10.250.8.41:8080/xmlui/handle/123456789/6394
942 _2ddc
_cTHE
999 _c528211
_d528211